Countries in World War I - Statistics

General Stats
  • This quiz has been taken 977 times
    949 since last reset
  • The average score is 19 of 36
Answer Stats
Answer % Correct
Germany
98%
UK/British Empire
98%
Russia
95%
USA
95%
Austria-Hungary
94%
France
94%
Italy
90%
Belgium
86%
Japan
85%
Ottoman Empire
80%
China
78%
Bulgaria
77%
Greece
76%
Serbia
75%
Portugal
73%
Romania
73%
Brazil
60%
Albania
58%
Luxembourg
58%
Montenegro
52%
Siam
37%
Andorra
35%
Cuba
26%
Panama
22%
Costa Rica
21%
Honduras
21%
Haiti
20%
Nicaragua
20%
Guatemala
19%
Persia
19%
Armenia
18%
Liberia
15%
Azerbaijan
11%
Nepal
10%
Dervish State (Somali)
6%
Darfur Sultanate
3%
No matching quizzes found
Score Distribution
Percent of People with Each Score
Percentile by Number Answered
Your Score History
You have not taken this quiz since the last reset